Jesús en los cuatro evangelios / (Record no. 125712)

MARC details
000 -LEADER
campo de control de longitud fija 00543nam a2200169 4500
001 - NÚMERO DE CONTROL
campo de control 125712
003 - IDENTIFICADOR DE NÚMERO DE CONTROL
campo de control ES-MaACL
005 - FECHA Y HORA DE LA ÚLTIMA TRANSACCIÓN
campo de control 20230906192703.0
007 - CAMPO FIJO DE DESCRIPCIÓN FÍSICA--INFORMACIÓN GENERAL
campo de control de longitud fija t|
008 - DATOS DE LONGITUD FIJA--INFORMACIÓN GENERAL
campo de control de longitud fija 070214s1964 sp r ||||1| spa d
100 1# - ENTRADA PRINCIPAL--NOMBRE DE PERSONA
Nombre de persona Rato y Rodríguez San Pedro, Apolinar de.
9 (RLIN) 95533
245 10 - MENCIÓN DEL TÍTULO
Título Jesús en los cuatro evangelios /
Mención de responsabilidad, etc. Apolinar de Rato y Rodríguez San Pedro, R. San Pedro.
260 ## - PUBLICACIÓN, DISTRIBUCIÓN, ETC.
Lugar de publicación, distribución, etc. Madrid :
Nombre del editor, distribuidor, etc. Afrodisio Aguado,
Fecha de publicación, distribución, etc. 1964.
300 ## - DESCRIPCIÓN FÍSICA
Extensión 269 p. :
Otras características físicas il. ;
Dimensiones 21 cm.
700 1# - ENTRADA AGREGADA--NOMBRE PERSONAL
Nombre de persona San Pedro, R.
9 (RLIN) 102291
852 ## - LOCALIZACIÓN
Ubicación ES-MaACL
Número de control de estantería C-25787
Sublocalización o colección R.54600
Holdings
Estatus retirado Estado de pérdida Estado de daño No para préstamo Biblioteca de origen Biblioteca actual Ubicación en estantería Fecha de adquisición Fuente de adquisición Total de préstamos Signatura topográfica completa Código de barras Visto por última vez Precio de reemplazo Tipo de ítem Koha
        Biblioteca del Ateneo de Madrid Biblioteca del Ateneo de Madrid Depósito 2 17/01/2008     C-25787 1130954 23/02/2023 23/02/2023 Libro impreso